000 00494nam a2200181Ia 4500
005 20250923144404.0
008 008 250917s9999 xx 000 0 eng d
037 _aTextual
040 _aDSWL
_beng
_cDSWL
041 _aeng
_2eng
084 _aS15:5, J1
_qDSWL
100 _aCatty, Nancy
_9824395
245 0 _aSocial training
_cby Nancy Catty
260 _aLondon
_bMethuen
_c1951
300 _a103 p.
942 _cTEXL
_hS15:5, J1
999 _c1438235
_d1438235